• 首页
  • 本馆介绍
  • 公告通知
  • 最新文献
  • 馆藏检索
  • 电子资源
  • 读者导购
  • 参考咨询
  • 我的图书馆
  • 登录
  • 详细信息显示
  • 放入我的书架
  • 预约/预借图书
  • 作者相关作品
  • 分类相关作品
  • 丛书相关作品
  • 出版社相关作品

书目信息

  • 表格格式
  • 工作单格式
  • 卡片格式
题名:
中国刮痧健康法大全
    
 
作者: 王敬 , 杨金生 编著
分册:  
出版信息: 北京   北京科学技术出版社  1997
页数: 18,549页
开本: 20cm
丛书名:
单 册:
中图分类: R244.4
科图分类:
主题词: 刮搓疗法
电子资源:
ISBN: 7-5304-1860-2
000 00788nam0 2200241 45
001 0197017883
005 20061107093835.64
010    @a7-5304-1860-2@dCNY35.00
100    @a19970624d1997 em y0chiy0121 ea
101 0  @achi
102    @aCN@b110000
105    @af z 000yy
200 1  @a中国刮痧健康法大全@9zhong guo gua sha jian kang fa da quan@e400种病症图解治疗绝招@f王敬,杨金生编著
210    @a北京@c北京科学技术出版社@d1997
215    @a18,549页@c图@d20cm
330    @a本书分上、中、下篇。上篇主要介绍刮痧基本知识;中篇主要介绍刮痧基础理论;下篇主要介绍临床病症的治疗。
606 0  @a刮搓疗法
610 0  @a刮痧
690    @aR244.4@v4
701  0 @a王敬@9wang jing@4编著
701  0 @a杨金生@9yang jin sheng@4编著
801  0 @aCN@bNLC@c20061107
905    @a10447@dR244.4@e181
    
    中国刮痧健康法大全:400种病症图解治疗绝招/王敬,杨金生编著.-北京:北京科学技术出版社,1997
    18,549页:图;20cm
    
    
    ISBN 7-5304-1860-2:CNY35.00
    本书分上、中、下篇。上篇主要介绍刮痧基本知识;中篇主要介绍刮痧基础理论;下篇主要介绍临床病症的治疗。
●
相关链接 在E读中查询图书 在五车中查询图书 在当当中查询图书 在豆瓣中查询图书


正题名:中国刮痧健康法大全     索取号:R244.4/181         预约/预借

序号 登录号 条形码 馆藏地/架位号 状态 备注
1 0382013   203820133   第二样本阅览室/ [索取号:R244.4/181] 在馆    
2 0382014   203820142   第三借阅区/ [索取号:R244.4/181] 在馆    
唐山师范学院图书馆 欢迎您!
大连网信软件有限公司© 版权所有